Statistics for Countries of the Dutch Empire

Click here to take the quiz!

General Stats

  • This quiz has been taken 1,213 times
    (531 since last reset)
  • The average score is 18 of 32

Answer Stats

% OccupiedCountry% Correct
100Indonesia
94%
100Belgium
92%
3France
88%
100Netherlands
84%
< 1United States
84%
100Suriname
83%
4India
81%
100Luxembourg
81%
3Brazil
79%
31South Africa
78%
< 1United Kingdom
78%
< 1Malaysia
75%
< 1Canada
71%
35Guyana
69%
< 1Japan
58%
90Sri Lanka
57%
< 1Venezuela
57%
100Taiwan
47%
< 1Thailand
47%
< 1Bangladesh
45%
2Angola
43%
17Ghana
43%
< 1Mozambique
43%
10Trinidad and Tobago
40%
9Ivory Coast
33%
100Mauritius
31%
100Maldives
30%
< 1Senegal
30%
< 1Chile
23%
< 1Iran
23%
50São Tomé and Príncipe
20%
< 1Mauritania
19%

Score Distribution

Percentile by Number Answered

Percent of People with Each Score

Your Score History

You have not taken this quiz since the last reset